[Event "GER-chT U16"]
[Site "Darmstadt"]
[Date "2022.12.29"]
[Round "6"]
[White "Kossert, Simon"]
[Black "Samtleben, Christian"]
[Result "1/2-1/2"]
[WhiteElo "1299"]
[BlackElo "1115"]
[PlyCount "50"]
[EventDate "2022.12.26"]
[EventType "team-swiss"]
[EventRounds "7"]
[EventCountry "GER"]
[SourceTitle "CBM 212 Extra"]
[Source "ChessBase"]
[SourceDate "2023.03.31"]
[SourceVersion "1"]
[SourceVersionDate "2023.03.31"]
[SourceQuality "1"]
[WhiteTeam "Karlsruhe"]
[BlackTeam "Lahnstein Turm"]
[WhiteTeamCountry "GER"]
[BlackTeamCountry "GER"]

1. e4 e6 2. d4 d5 3. e5 c5 4. c3 Nc6 5. Nf3 Qb6 6. a3 c4 7. Be2 Bd7 8. Nbd2 Na5 9. 0-0 Ne7 10. Ng5 h6 11. Nh3 g6 12. Rb1 Nb3 13. Nxb3 Ba4 14. Be3 Bxb3 15. Qd2 Nc6 16. f4 0-0-0 17. g4 Be7 18. f5 gxf5 19. gxf5 Rdg8+ 20. Kh1 exf5 21. Rxf5 Nd8 22. Bh5 Qe6 23. Rbf1 Rh7 24. Ng1 Rhg7 25. Qf2 Bh4 1/2-1/2

[Event "GER-chT U12"]
[Site "Magdeburg"]
[Date "2018.12.28"]
[Round "3.4"]
[White "Samtleben, Christian"]
[Black "Els, Henri"]
[Result "0-1"]
[WhiteElo "1141"]
[BlackElo "1323"]
[PlyCount "78"]
[EventDate "2018.12.27"]
[EventType "team-swiss"]
[EventRounds "7"]
[EventCountry "GER"]
[SourceTitle "CBM 188 Extra"]
[Source "ChessBase"]
[SourceDate "2019.02.28"]
[SourceVersion "1"]
[SourceVersionDate "2019.02.28"]
[SourceQuality "1"]
[WhiteTeam "Lahnstein Turm"]
[BlackTeam "Aachen Aufwaerts"]
[WhiteTeamCountry "GER"]
[BlackTeamCountry "GER"]

1. e4 e6 2. d4 d5 3. exd5 exd5 4. Nf3 Nf6 5. Nc3 Nc6 6. Bb5 Bd7 7. b3 Be7 8. Bf4 0-0 9. 0-0 a6 10. Bd3 Ba3 11. Nb1 Bb2 12. Nbd2 Bxa1 13. Qxa1 Re8 14. a3 Ne4 15. Bxe4 dxe4 16. Ng5 Bf5 17. Be3 Qd7 18. Re1 h6 19. d5 Qxd5 20. Nh3 Bxh3 21. gxh3 Rad8 22. Kh1 Nd4 23. Rg1 Qe5 24. Nc4 Qf6 25. Nd2 Re6 26. Qd1 Nf3 27. Rf1 Nxd2 28. Bxd2 Red6 29. Qe2 Rxd2 30. Qxe4 Qc6 31. Qxc6 bxc6 32. c3 Rd1 33. Kg1 Rxf1+ 34. Kxf1 Rd3 35. a4 Rxc3 36. b4 Rc4 37. a5 Rxb4 38. Ke2 Rd4 39. Ke3 Rd8 0-1

[Event "GER-chT U12"]
[Site "Magdeburg"]
[Date "2018.12.27"]
[Round "1.4"]
[White "Samtleben, Christian"]
[Black "Doraszelski, Alexander"]
[Result "0-1"]
[WhiteElo "1141"]
[BlackElo "1523"]
[PlyCount "64"]
[EventDate "2018.12.27"]
[EventType "team-swiss"]
[EventRounds "7"]
[EventCountry "GER"]
[SourceTitle "CBM 188 Extra"]
[Source "ChessBase"]
[SourceDate "2019.02.28"]
[SourceVersion "1"]
[SourceVersionDate "2019.02.28"]
[SourceQuality "1"]
[WhiteTeam "Lahnstein Turm"]
[BlackTeam "Berlin Empor"]
[WhiteTeamCountry "GER"]
[BlackTeamCountry "GER"]

1. e4 c5 2. c3 d5 3. e5 Nc6 4. d4 Bf5 5. Nf3 e6 6. Bf4 cxd4 7. Nxd4 Bg6 8. Bb5 Rc8 9. Qa4 Qc7 10. Qxa7 Nge7 11. Na3 Nf5 12. Nac2 Be7 13. 0-0 0-0 14. Nxc6 Ra8 15. Nxe7+ Kh8 16. Nxd5 exd5 17. e6 Qxf4 18. Qxb7 Nd6 19. Qxd5 fxe6 20. Qd4 Nxb5 21. Qxf4 Rxf4 22. Ne3 Kg8 23. Rfd1 Kf8 24. c4 Nc7 25. Rd7 Rf7 26. Rxf7+ Kxf7 27. Rd1 Rxa2 28. Rd7+ Kf8 29. Rxc7 Ra1+ 30. Nf1 Bd3 31. g3 Bxf1 32. c5 Bh3# 0-1